Penghibur hati kepada keluarga simati

Bibliographic Details
Main Author: منبجي، محمد بن محمد (Author)
Format: Book
Language:Malay
Published: Singapura : Pustaka Nasional , 1989
Subjects:

MARC

LEADER 00000cam a2200000 7i4500
001 0000004771
005 20160412093000.0
008 021118s1989 my may
020 |a 9971772604 
090 0 0 |a BP188.2   |b .M3613 
100 1 |a منبجي، محمد بن محمد ,   |e author 
240 1 0 |a تسلية اهل المصائب   |l [Bahasa Malaysia] 
245 1 0 |a Penghibur hati kepada keluarga simati   |c Imam Abu Abdullah Muhammad al-Manbiji ; alihbahasa, Muhammad Fauzi Ali Zahra 
260 2 |a Singapura :   |b Pustaka Nasional ,   |c 1989 
300 |a 351 p. ;   |c 22 cm. 
500 |a Translation of: تسلية اهل المصائب 
650 0 |a Consolation (Islam)   |v Early works to 1800 
999 |a 1000006722   |b Book   |c OPEN SHELF (30 DAYS)   |e Gong Badak Campus 
999 |a 1000006723   |b Book   |c OPEN SHELF (30 DAYS)   |e Gong Badak Campus